| 000 | 00445pab a2200169 454500 | ||
|---|---|---|---|
| 008 | 180718b2007 xxu||||| |||| 00| 0 eng d | ||
| 100 | _aEzcurra, Roberto | ||
| 245 | _aIs income inequality harmful for regional growth? Evidence from the European Union | ||
| 260 | _c2007 | ||
| 300 | _ap.1953-971. | ||
| 362 | _aSep | ||
| 650 | _aEuropean Union | ||
| 650 | _aIncome distribution | ||
| 773 | _aUrban Studies | ||
| 908 | _aN | ||
| 909 | _a76549 | ||
| 999 |
_c76549 _d76549 |
||